Diskretnyje matematičeskije modeli s priloženijami k social'nym biologičeskim i ekologičeskim zadačam
Na minha lista:
| Formato: | Livro |
|---|---|
| Idioma: | russo |
| Publicado em: |
Moskva
Nauka
1986
|
| Edição: | 1. izd. |
| Colecção: | Teorija i metody sistemnogo analiza
|
| Tags: |
Sem tags, seja o primeiro a adicionar uma tag!
|
MARC
| LEADER | 00000nam a2200000 4500 | ||
|---|---|---|---|
| 001 | c035707 | ||
| 005 | 20260304075401.8 | ||
| 041 | 0 | |a rus | |
| 044 | |a RU | ||
| 245 | 1 | 0 | |a Diskretnyje matematičeskije modeli s priloženijami k social'nym biologičeskim i ekologičeskim zadačam |c [Z angl. prel.] A.M. Rapport, S.I. Travkin |
| 250 | |a 1. izd. | ||
| 264 | 1 | |a Moskva |b Nauka |c 1986 | |
| 300 | |a 494 s. | ||
| 490 | 1 | |a Teorija i metody sistemnogo analiza | |
| 830 | 0 | |a Teorija i metody sistemnogo analiza | |